|
|
|
|
| LEADER |
00000cam a2200000 c 4500 |
| 001 |
277191947 |
| 003 |
DE-627 |
| 005 |
20251222213300.0 |
| 007 |
tu |
| 008 |
990101s1992 fr ||||| 00| ||fre c |
| 020 |
|
|
|a 2130442366
|9 2-13-044236-6
|
| 024 |
3 |
|
|a 9782130442363
|
| 035 |
|
|
|a (DE-627)277191947
|
| 035 |
|
|
|a (DE-576)030526124
|
| 035 |
|
|
|a (DE-599)GBV277191947
|
| 035 |
|
|
|a (OCoLC)246556873
|
| 035 |
|
|
|a (OCoLC)26221483
|
| 040 |
|
|
|a DE-627
|b ger
|c DE-627
|e rakwb
|
| 041 |
|
|
|a fre
|
| 044 |
|
|
|c XA-FR
|
| 082 |
0 |
|
|a 343.04
|
| 100 |
1 |
|
|a Di Malta, Pierre
|d 1929-2000
|0 (DE-588)131420798
|0 (DE-627)509050107
|0 (DE-576)160749263
|4 aut
|
| 109 |
|
|
|a Di Malta, Pierre 1929-2000
|a Malta, Pierre di 1929-2000
|a DiMalta, Pierre 1929-2000
|
| 245 |
1 |
0 |
|a Droit fiscal pénal
|c Pierre DiMalta
|
| 250 |
|
|
|a 1. éd
|
| 264 |
|
1 |
|a Paris
|b Presses Univ. de France
|c 1992
|
| 300 |
|
|
|a 282 S
|
| 336 |
|
|
|a Text
|b txt
|2 rdacontent
|
| 337 |
|
|
|a ohne Hilfsmittel zu benutzen
|b n
|2 rdamedia
|
| 338 |
|
|
|a Band
|b nc
|2 rdacarrier
|
| 490 |
0 |
|
|a Fiscalité
|a Gestion fiscale
|
| 583 |
1 |
|
|a Archivierung prüfen
|c 20200919
|f DE-640
|z 3
|2 pdager
|
| 951 |
|
|
|a BO
|
| ELC |
|
|
|b 1
|
| LOK |
|
|
|0 000 xxxxxcx a22 zn 4500
|
| LOK |
|
|
|0 001 3146422816
|
| LOK |
|
|
|0 003 DE-627
|
| LOK |
|
|
|0 004 277191947
|
| LOK |
|
|
|0 005 20151006133349
|
| LOK |
|
|
|0 008 930416||||||||||||||||ger|||||||
|
| LOK |
|
|
|0 040
|a DE-21
|c DE-627
|d DE-21
|
| LOK |
|
|
|0 852
|a DE-21
|
| LOK |
|
|
|0 852 1
|c KB 19 A 341
|9 00
|
| LOK |
|
|
|0 935
|a krim
|
| LOK |
|
|
|0 939
|a 16-04-93
|b l01
|
| ORI |
|
|
|a SA-MARC-krimdoka001.raw
|
| SIG |
|
|
|a UB: KB 19 A 341
|